U.S. National Monuments - Statistics

General Stats
  • This quiz has been taken 22 times
  • The average score is 8 of 149
Answer Stats
State National Monument % Correct
Virginia Booker T. Washington
38%
Wyoming Devils Tower
31%
Statue of Liberty
31%
Mount St. Helens
23%
Washington Monument
23%
Chimney Rock
15%
Idaho Craters of the Moon
15%
Dinosaur
15%
Iowa Effigy Mounds
15%
Giant Sequoia
15%
Grand Staircase-Escalante
15%
Navajo
15%
Organ Pipe Cactus
15%
Minnesota Pipestone
15%
San Juan Islands
15%
Stonewall
15%
Nebraska Agate Fossil Beds
8%
Texas Alibates Flint Quarries
8%
Aniakchak
8%
Bandelier
8%
Utah Bears Ears
8%
Cabrillo
8%
Canyon de Chelly
8%
Capulin Volcano
8%
Carrizo Plain
8%
Casa Grande Ruins
8%
Florida Castillo de San Marcos
8%
Cedar Breaks
8%
Chiricahua
8%
Colorado
8%
Devils Postpile
8%
El Malpais
8%
El Morro
8%
Florissant Fossil Beds
8%
Fort Matanzas
8%
Fort Pulaski
8%
Gila Cliff Dwellings
8%
Grand Canyon Parashant
8%
Minnesota Grand Portage
8%
Hagerman Fossil Beds
8%
Hovenweep
8%
South Dakota Jewel Cave
8%
John Day Fossil Beds
8%
Jurassic
8%
Kasha-Katuwe Tent Rocks
8%
Katahdin Woods and Waters
8%
Montana Little Bighorn Battlefield
8%
Montezuma Castle
8%
Muir Woods
8%
Natural Bridges
8%
Newberry Volcanic
8%
Oregon Caves
8%
Organ Mountains
8%
Pipe Spring
8%
Pompeys Pillar
8%
Rainbow Bridge
8%
Sand to Snow
8%
Scotts Bluff
8%
Sunset Crater Volcano
8%
Timpanogos Cave
8%
Tonto
8%
Tule Lake
8%
Tule Springs Fossil Beds
8%
Tuzigoot
8%
Waco Mammoth
8%
Walnut Canyon
8%
Wupatki
8%
Alaska Admiralty Island
0%
New York African Burial Grounds
0%
Arizona Agua de Fria
0%
Aleutian Islands World War II
0%
Arkansas Arkansas Post
0%
Nevada Avi Kwa Ame
0%
New Mexico Aztec Ruins
0%
Baaj Nwaavjo I'tah Kukveni (Ancestral Footprints of the Grand Canyon)
0%
Basin and Range
0%
Washington D.C. Belmont-Paul Women's Equality
0%
California Berryessa Snow Mountain
0%
Alabama Birmingham Civil Rights
0%
Colorado Browns Canyon
0%
U.S. Virgin Islands Buck Island Reef
0%
California Coastal
0%
Camp Hale - Continental Divide
0%
Kentucky Camp Nelson
0%
Canyons of the Ancients
0%
Cape Krusenstern
0%
Pennsylvania Carlisle Federal Indian Boarding School
0%
Cascade- Siskiyou
0%
Oregon Cascade-Siskiyou
0%
Castle Clinton
0%
Castle Mountains
0%
Castner Range
0%
Cesar E. Chavez
0%
Ohio Charles Young Buffalo Soldiers
0%
Chuckwalla
0%
Coronado
0%
New Jersey Ellis Island
0%
Illinois | Mississippi Emmett Till and Mamie Till-Mobley
0%
Georgia Fort Frederica
0%
Maryland Fort McHenry
0%
Fort Monroe
0%
Fort Ord
0%
Fort Stanwix
0%
Fort Union
0%
Fossil Butte
0%
Maine Frances Perkins
0%
Freedom Riders
0%
George Washington Birthplace
0%
Missouri George Washington Carver
0%
Gold Butte
0%
Governors Island
0%
Washington Hanford Reach
0%
Harriet Tubman Underground Railroad
0%
Hohokam Pima
0%
Ironwood Forest
0%
Lava Beds
0%
Guam | Northern Mariana Islands Marianas Trench Marine
0%
Medgar and Myrlie Evers Home
0%
Military Working Dog Teams
0%
Mill Springs Battlefield
0%
Misty Fjords
0%
Atlantic Ocean Northeast Canyons and Seamounts Marine
0%
Pacific Islands Heritage Marine
0%
Hawaii | U.S. Minor Outlying Islands Papahanaumokuakea Marine
0%
Petroglyph
0%
Louisiana Poverty Point
0%
Prehistoric Trackways
0%
President Lincoln and Soldiers' Home
0%
Rio Grande del Norte
0%
American Samoa Rose Atoll Marine
0%
Russell Cave
0%
Saint Francis Dam Disaster
0%
Salinas Pueblo Missions
0%
San Gabriel Mountains
0%
Santa Rosa and San Jacinto Mountains
0%
Sattitla Highlands
0%
Sonoran Desert
0%
Springfield 1908 Race Riot
0%
Upper Missouri River Breaks
0%
Vermillion Cliffs
0%
Virgin Islands Coral Reef
0%
Yucca House
0%
No matching quizzes found
Score Distribution
Percent of People with Each Score
Percentile by Number Answered
Your Score History
You have not taken this quiz